Saksan historia -visa - Statistics

Yleistilastot
  • Tätä visaa on pelattu 531 kertaa
  • Keskiarvotulos 12 / 20
Vastaustilastot
Vihje Vastaus % Oikein
Saksan johtaja toisessa maailmansodassa Adolf Hitler
97%
Vuoteen 1989 asti konkreettisena kylmän sodan symbolina toiminut rakennelma Berliinin muuri
89%
Ensimmäinen naispuolinen kansleri Angela Merkel
85%
Toinen nimi Natsi-Saksalle Kolmas {valtakunta}
82%
1930-luvulla käyttöön otettu moottoritiejärjestelmä Autobahn
79%
Protestanttisen uskonpuhdistuksen aloittanut munkki Martti Luther
79%
Pohjanmeren ja Itämeren kauppakaupunkien muodostama liitto {Hansa}liitto
69%
Fredrik Suuren johtama valtio Preussi
65%
Länsi-Saksan pääkaupunki Bonn
63%
13. helmikuuta 1945 pommituksissa pahoin tuhoutunut kaupunki Dresden
62%
Johannes Gutenberg tunnetaan tämän kehittämisestä Kirjapainotaito
62%
Vuosien 1919-1933 lyhytaikainen tasavalta {Weimarin} tasavalta
59%
Yksi bensiinikäyttöisen auton keksijöistä Karl Benz
53%
Itä-Saksan salainen poliisi Stasi
53%
"Rautakansleri", jonka johdolla Saksa yhdistyi 1871 Otto von Bismarck
50%
"Brandenburgilaisten konsertojen" säveltäjä Johann Sebastian Bach
48%
Saksalainen keisarikunta 962-1806 Pyhä saksalais-roomalainen keisarikunta
37%
Vuosien 1618-48 sota Kolmikymmenvuotinen sota
36%
Saksan keisari ensimmäisessä maailmansodassa Vilhelm II
34%
Saksan ensimmäinen yliopisto perustettiin tähän kaupunkiin Heidelberg
19%
Ehtoja vastaavia visoja ei löytynyt
Tulosjakauma
Jokaisen tuloksen saaneiden osuus
Persentiili vastausten määrän mukaan
Tuloshistoriasi
Et ole pelannut tätä visaa